ARRUPE JESUIT UNIVERSITY

CORONAVIRUS -STOP THE SPREAD - CLEAN,DISINFECT,COVER

Le fait religieux : (Record no. 127747)

MARC details
000 -LEADER
fixed length control field 01104cam a22003254a 4500
001 - CONTROL NUMBER
control field 13099250
003 - CONTROL NUMBER IDENTIFIER
control field ARRUPE
005 - DATE AND TIME OF LATEST TRANSACTION
control field 20180322115043.0
008 - FIXED-LENGTH DATA ELEMENTS--GENERAL INFORMATION
fixed length control field 030128s2003 fr b 000 0 fre
010 ## - LIBRARY OF CONGRESS CONTROL NUMBER
LC control number 2003542123
020 ## - INTERNATIONAL STANDARD BOOK NUMBER
International Standard Book Number 2717845399
035 ## - SYSTEM CONTROL NUMBER
System control number (FrPJT)JTL00107603
040 ## - CATALOGING SOURCE
Original cataloging agency DLC
Transcribing agency DLC
Modifying agency DLC
042 ## - AUTHENTICATION CODE
Authentication code pcc
050 00 - LIBRARY OF CONGRESS CALL NUMBER
Classification number BL60
Item number .D366
082 00 - DEWEY DECIMAL CLASSIFICATION NUMBER
Classification number 306.6
Edition number 22
300 ## - PHYSICAL DESCRIPTION
Dimensions 24 cm.
100 1# - MAIN ENTRY--PERSONAL NAME
Personal name Delumeau, Jean
9 (RLIN) 40879
245 13 - TITLE STATEMENT
Title Le fait religieux :
Statement of responsibility, etc Jean Delumeau
260 ## - PUBLICATION, DISTRIBUTION, ETC. (IMPRINT)
Place of publication, distribution, etc Paris :
Name of publisher, distributor, etc Fayard,
Date of publication, distribution, etc 1991.
300 ## - PHYSICAL DESCRIPTION
Extent 781 p. ;
650 #0 - SUBJECT ADDED ENTRY--TOPICAL TERM
Topical term or geographic name as entry element Religion and sociology.
9 (RLIN) 40880
650 #0 - SUBJECT ADDED ENTRY--TOPICAL TERM
Topical term or geographic name as entry element Religion and culture.
9 (RLIN) 572
906 ## - LOCAL DATA ELEMENT F, LDF (RLIN)
a 7
b cbc
c origres
d 3
e ncip
f 20
g y-gencatlg
942 ## - ADDED ENTRY ELEMENTS (KOHA)
Source of classification or shelving scheme Library of Congress Classification
Koha item type Monograph ( Printed materials)
Holdings
Withdrawn status Lost status Source of classification or shelving scheme Damaged status Not for loan Collection code Home library Current library Shelving location Date acquired Total Checkouts Full call number Barcode Date last seen Price effective from Koha item type
    Library of Congress Classification     Main Collection ARRUPE LIBRARY ARRUPE LIBRARY Main Collection 22/03/2018   BL60 .D366 46600001837 22/03/2018 22/03/2018 Monograph ( Printed materials)

 

Arrupe Library. PO Box MP320 Mt Pleasant, Harare, Zimbabwe
263 242 745411|librarian@aju.ac.zw